Martin Luther King, Jr. <A> Documentary ... Montgomery to Memphis

Salvato in:
Dettagli Bibliografici
Natura: Libro
Lingua:inglese
Pubblicazione: New York Norton and Co. 1976
Edizione:1. ed.
Soggetti:
Tags: Aggiungi Tag
Nessun Tag, puoi essere il primo ad aggiungerne!!

MARC

LEADER 00000nam a2200000 4500
001 c018963
005 20230116132349.4
020 |a 0-393-07492-7 
041 0 |a eng 
044 |a US 
245 1 0 |a Martin Luther King, Jr.  |b <A> Documentary ... Montgomery to Memphis  |c Edit. Flip Schulke ; Aut. úv. Coretta Scott King 
250 |a 1. ed. 
264 1 |a New York  |b Norton and Co.  |c 1976 
300 |a 224 s. 
610 2 0 |a biografia 
610 2 0 |a životopisy 
610 2 0 |a černosi 
610 2 0 |a práva ľudské 
610 2 0 |a USA 
610 2 0 |a osobnosť